Le classement du ballon d'or si il etait juste - Statistiques

Statistiques générales
  • Ce quiz a été pris 382 fois
  • Le résultat moyen est 13 sur 16
Statistiques - réponses
an Winner % Correct
2008 Ronaldo
93%
2009 Messi
92%
2011 Messi
85%
2014 Ronaldo
85%
2012 Messi
84%
2015 Messi
84%
2016 Ronaldo
84%
2013 Ribery
82%
2017 Ronaldo
82%
2023 Haaland
79%
2010 Iniesta
79%
2018 Griezmann
78%
2020 Lewandowski
76%
2022 Benzema
74%
2021 Lewandowski
72%
2019 Van dijk
60%
Aucun quiz correspondant
Distribution des résultats
% des personnes avec chaque résultat
Percentile par nombre de réponses
Votre historique - résultats
Vous n’avez pas pris ce quiz